INFORMATION SECURITY PLANNING (Record no. 216561)

MARC details
000 -LEADER
fixed length control field 00390nam a22001457a 4500
008 - FIXED-LENGTH DATA ELEMENTS--GENERAL INFORMATION
fixed length control field 260205b |||||||| |||| 00| 0 eng d
020 ## - INTERNATIONAL STANDARD BOOK NUMBER
International Standard Book Number 978-3-031-43117-3
100 ## - MAIN ENTRY--PERSONAL NAME
Personal name LINCKE, SUSAN
245 ## - TITLE STATEMENT
Title INFORMATION SECURITY PLANNING
Remainder of title A PRACTICAL APPROACH
250 ## - EDITION STATEMENT
Edition statement 2ND ED
260 ## - PUBLICATION, DISTRIBUTION, ETC.
Place of publication, distribution, etc. KENOSHA, USA
Name of publisher, distributor, etc. SPRINGER
Date of publication, distribution, etc. 2024
300 ## - PHYSICAL DESCRIPTION
Extent XXI, 445P.
942 ## - ADDED ENTRY ELEMENTS (KOHA)
Source of classification or shelving scheme Library of Congress Classification
Koha item type Long Loan Book
Holdings
Withdrawn status Lost status Source of classification or shelving scheme Damaged status Not for loan Collection Home library Current library Shelving location Date acquired Inventory number Total checkouts Full call number Barcode Date last seen Copy number Price effective from Koha item type Date due Date last checked out
    Library of Congress Classification     Science & Technology Kisii University Library Kisii University Library On Display 02/05/2026 111048   QA 76.9 .A25L56 2024 50917 02/05/2026 1 02/05/2026 Long Loan Book    
    Library of Congress Classification     Science & Technology Kisii University Library Kisii University Library On Display 02/05/2026 111049   QA 76.9 .A25L56 2024 50921 02/05/2026 2 02/05/2026 Long Loan Book    
    Library of Congress Classification     Science & Technology Kisii University Library Kisii University Library On Display 02/05/2026 111050 1 QA 76.9 .A25L56 2024 50919 02/10/2026 3 02/05/2026 Long Loan Book 05/11/2026 02/10/2026
    Library of Congress Classification     Science & Technology Kisii University Library Kisii University Library On Display 02/05/2026 111051   QA 76.9 .A25L56 2024 50923 02/05/2026 4 02/05/2026 Long Loan Book